Nostalgia de una patria imposible : estudios sobre la obra de Luis Cernuda : actas del Congreso Luis Cernuda en su centenario (1902-2002), León, 8, 9 y 10 de mayo de 2002 /
Actas del Congreso Luis Cernuda en su centenario (1902-2002), celebrado en la localidad española de León, donde fueron presentados casi cincuenta estudios que versan sobre las diferentes facetas creativas de Cernuda: su conocida y admirada poesía, por supuesto, pero también su teatro, ensayos, prosa...
保存先:
| 団体著者: | |
|---|---|
| その他の著者: | , , , , |
| フォーマット: | 会議録 図書 |
| 言語: | スペイン語 |
| 出版事項: |
Madrid, España :
Akal,
2005, c2005
|
| シリーズ: | (Akal Universitaria ; Interdisciplinar)
239. |
| 主題: | |
| タグ: |
タグなし, このレコードへの初めてのタグを付けませんか!
|
MARC
| LEADER | 00000nam^a2200000^a^4500 | ||
|---|---|---|---|
| 001 | 000181123 | ||
| 005 | 20250521000000.0 | ||
| 009 | 20260310101922.441 | ||
| 020 | |a 84-460-2159-5 | ||
| 037 | |a Acervo ITESO - Biblioteca | ||
| 041 | |a ESP | ||
| 082 | |a 860. 94608 |b CON 2003 | ||
| 111 | |a Congreso Luis Cernuda en su Centenario (1902-2002) ( |d 2002 : |c León, España) | ||
| 245 | 1 | 0 | |a Nostalgia de una patria imposible : |b estudios sobre la obra de Luis Cernuda : actas del Congreso Luis Cernuda en su centenario (1902-2002), León, 8, 9 y 10 de mayo de 2002 / |c Congreso Luis Cernuda en su Centenario (1902-2002) ; ed. de J. Matas Caballero, J.E. Martínez Fernández, J.M. Trabado Cabado ; coord. de N. Alvarez Méndez, P. Carriedo Castro. |
| 264 | 4 | |a Madrid, España : |b Akal, |c 2005, c2005 | |
| 300 | |a 687 p. | ||
| 336 | |a texto |b txt |2 rdacontenido | ||
| 337 | |a sin mediación |b n |2 rdamedio | ||
| 338 | |a volumen |b nc |2 rdasoporte | ||
| 440 | 1 | |a (Akal Universitaria ; |v 239. |p Interdisciplinar) | |
| 520 | |a Actas del Congreso Luis Cernuda en su centenario (1902-2002), celebrado en la localidad española de León, donde fueron presentados casi cincuenta estudios que versan sobre las diferentes facetas creativas de Cernuda: su conocida y admirada poesía, por supuesto, pero también su teatro, ensayos, prosas, traducciones, etcétera. | ||
| 545 | 0 | |a Integrante de la llamada generación del 27, el escritor español Luis Cernuda nació en 1902 en Sevilla y a partir de 1936 reunió sus diversas creaciones poéticas bajo un título común: La realidad y el deseo, volumen que creció con el paso del tiempo y alcanzó su edición definitiva en 1964 en México. Perfil del aire o Primeras poesías (1927), Egloga, elegía y oda (1928), Un río, un amor (1929), Los placeres prohibidos (1931), Donde habite el olvido (1933) e Invocaciones (1934-1935) integran su obra anterior a la Guerra Civil española. Las nubes, publicado hasta 1943, fue compuesto entre 1937 y 1940, al tiempo que su autor iniciaba un exilio hasta instalarse definitivamente en México en 1952. Como quien espera el alba (1947), Vivir sin estar viviendo (1949), Con las horas contadas y Desolación de la quimera (1962), además de obras de prosa poética y de crítica literaria, completan la producción literaria de Cernuda. Fallecido en 1963 en la ciudad de México, el sevillano nunca ocultó su homosexualidad, condición que ayuda a explicar su desacuerdo con el mundo y su rebeldía. Para algunos críticos, su obra poética tiene por eje temático el divorcio doloroso entre su anhelo de realización personal y los límites que impone el mundo circundante o con las palabras de su propio compendio poético, la divergencia entre La realidad y el deseo. | |
| 649 | |a XX | ||
| 650 | |a Escritores Españoles - |x Congresos | ||
| 650 | |a Poesía Española - |x Historia y Crítica | ||
| 650 | |a Literatura Española - |x Historia y Crítica - |x Congresos | ||
| 650 | |a Literatura Española - |x Historia y Crítica | ||
| 650 | |a Literatura Española - |y Generación del 27 | ||
| 650 | |a Literatura Española - |y Siglo XX | ||
| 650 | |a Cernuda, Luis - |x Tema Principal | ||
| 700 | |a Matas Caballero, Juan |e (edición) | ||
| 700 | |a Martínez Fernández, José Enrique |e (edición) | ||
| 700 | |a Trabado Cobado, José Manuel |e (edición) | ||
| 700 | |a Alvarez Méndez, Natalia |e (coordinación) | ||
| 700 | |a Carriedo Castro, Pablo |e (coordinación) | ||
| 910 | |a Fondo General | ||
| 920 | |a Impresos - Libros | ||
| 930 | |a Colección General | ||
| 940 | |a Literatura | ||
| 905 | |a 101 | ||
| 901 | |a 0500120833 |b IT1 |c LIT |u 20250521 | ||
| 902 | |a https://opac.biblio.iteso.mx/vufind/Record/000181123 | ||